000 00546cam a2200217 4500
008 090401t1980 xxu||||| |||| 00| 0 eng d
020 _a0851391079
035 _a(Sirsi) u69976
041 _aeng
050 _a690
100 _aElder, A.J.
245 4 _aThe Rubicon file : a successor to `Honeywood`
260 _aLondon
_bArchitectural Press
_c1980
300 _axvi, 239p. : ill. ; 22cm.
350 _a7.95
650 _aARCHITECTS
650 _aBUILDING PROJECTS
650 _aHONEYWOOD FILE
942 _n0
948 _c04/03/1997
999 _c95260
_d95260